000
00260nam a2200109Ia 4500
008
190914s9999||||xx |||||||||||||| ||und||
100
_a
Muhammad Iqbal
245
0
_a
Learn Mentoring
260
_a
New york
_b
Tata McGraw Hill
_c
2003
300
_a
2005
942
_c
BK
999
_c
9655
_d
9655